<?xml version="1.0" encoding="UTF-8"?>
<record
    xmlns:xsi="http://www.w3.org/2001/XMLSchema-instance"
    xsi:schemaLocation="http://www.loc.gov/MARC21/slim http://www.loc.gov/standards/marcxml/schema/MARC21slim.xsd"
    xmlns="http://www.loc.gov/MARC21/slim">

  <leader>01968nam a2200301 i 4500</leader>
  <controlfield tag="003">DO-SdBNP</controlfield>
  <controlfield tag="005">20250822112213.0</controlfield>
  <controlfield tag="007">ta</controlfield>
  <controlfield tag="008">250822t2025    dr ac         000 0 spa d</controlfield>
  <datafield tag="020" ind1=" " ind2=" ">
    <subfield code="z">9789945293500</subfield>
  </datafield>
  <datafield tag="040" ind1=" " ind2=" ">
    <subfield code="a">DO-SdBNP</subfield>
    <subfield code="b">spa</subfield>
    <subfield code="c">BNPHU</subfield>
    <subfield code="e">rda</subfield>
  </datafield>
  <datafield tag="041" ind1=" " ind2=" ">
    <subfield code="a">spa</subfield>
    <subfield code="h">eng</subfield>
  </datafield>
  <datafield tag="082" ind1=" " ind2=" ">
    <subfield code="a">xxxx</subfield>
    <subfield code="b">R621</subfield>
    <subfield code="2">22</subfield>
  </datafield>
  <datafield tag="100" ind1="1" ind2=" ">
    <subfield code="a">Rivera, Jos&#xE9;</subfield>
    <subfield code="e">autor</subfield>
    <subfield code="4">aut.</subfield>
    <subfield code="9">88201</subfield>
  </datafield>
  <datafield tag="245" ind1="1" ind2="0">
    <subfield code="a">Poemas, reflexiones, oraciones... y caf&#xE9; :</subfield>
    <subfield code="b">poems, reflections, prayers... and coffee /</subfield>
    <subfield code="c">Jos&#xE9; Rivera ; revisi&#xF3;n, Carmen Rosa Estrada Paulino</subfield>
  </datafield>
  <datafield tag="264" ind1=" " ind2="1">
    <subfield code="a">Santo Domingo :</subfield>
    <subfield code="b">[editor no identificado],</subfield>
    <subfield code="c">2025.</subfield>
  </datafield>
  <datafield tag="300" ind1=" " ind2=" ">
    <subfield code="a">93 p&#xE1;ginas</subfield>
    <subfield code="b">ilustraciones, fotograf&#xED;as </subfield>
    <subfield code="c">23 cm.</subfield>
  </datafield>
  <datafield tag="336" ind1=" " ind2=" ">
    <subfield code="a">texto</subfield>
    <subfield code="b">txt</subfield>
    <subfield code="2">rdacontent</subfield>
  </datafield>
  <datafield tag="337" ind1=" " ind2=" ">
    <subfield code="a">sin mediaci&#xF3;n</subfield>
    <subfield code="b">n</subfield>
    <subfield code="2">rdamedia</subfield>
  </datafield>
  <datafield tag="338" ind1=" " ind2=" ">
    <subfield code="a">volumen</subfield>
    <subfield code="b">nc</subfield>
    <subfield code="2">rdacarrier</subfield>
  </datafield>
  <datafield tag="500" ind1=" " ind2=" ">
    <subfield code="a">Incluye datos biogr&#xE1;ficos del autor en la p&#xE1;gina 93.</subfield>
  </datafield>
  <datafield tag="500" ind1=" " ind2=" ">
    <subfield code="a">Libro en espa&#xF1;ol e ingl&#xE9;s.</subfield>
  </datafield>
  <datafield tag="520" ind1=" " ind2=" ">
    <subfield code="a">Este libro lleg&#xF3; a tus manos en el momento justo, tal como llega una buena conversaci&#xF3;n acompa&#xF1;ada de caf&#xE9;. Cada p&#xE1;gina est&#xE1; impregnada de reflexiones sinceras, poemas que hablan al alma y oraciones que elevan el esp&#xED;ritu, invit&#xE1;ndote a un encuentro &#xED;ntimo contigo misma y con lo divino.

Entre estas l&#xED;neas descubrir&#xE1;s que la vida, al igual que una taza de caf&#xE9;, tiene matices sutiles que s&#xF3;lo aprecias cuando te detienes, respiras profundo y observas con atenci&#xF3;n. Permite que estas palabras te acompa&#xF1;en en esos instantes de calma y pausa, ofreci&#xE9;ndote consuelo, inspiraci&#xF3;n y fortaleza.

Que este libro sea tu compa&#xF1;ero fiel en tus momentos de quietud, invit&#xE1;ndote a encontrar belleza en lo cotidiano, paz en medio del ruido y espiritualidad en cada sorbo que disfrutes lentamente.

&#xA1;Prep&#xE1;rate un caf&#xE9;, abre tu coraz&#xF3;n y deja que estas p&#xE1;ginas transformen suavemente tu d&#xED;a!</subfield>
  </datafield>
  <datafield tag="590" ind1=" " ind2=" ">
    <subfield code="a">Inventariado, 2025/ YL</subfield>
  </datafield>
  <datafield tag="700" ind1="1" ind2=" ">
    <subfield code="a">Estrada Paulino, Carmen Rosa </subfield>
    <subfield code="e">revisi&#xF3;n</subfield>
    <subfield code="4">re.</subfield>
    <subfield code="9">88528</subfield>
  </datafield>
  <datafield tag="910" ind1=" " ind2=" ">
    <subfield code="a">YLockward</subfield>
  </datafield>
  <datafield tag="942" ind1=" " ind2=" ">
    <subfield code="2">ddc</subfield>
    <subfield code="c">LBS1</subfield>
  </datafield>
  <datafield tag="952" ind1=" " ind2=" ">
    <subfield code="0">0</subfield>
    <subfield code="1">0</subfield>
    <subfield code="2">ddc</subfield>
    <subfield code="5">1</subfield>
    <subfield code="7">0</subfield>
    <subfield code="8">PD</subfield>
    <subfield code="a">BNPHU</subfield>
    <subfield code="b">BNPHU</subfield>
    <subfield code="c">CT</subfield>
    <subfield code="d">2025-06-02</subfield>
    <subfield code="e">Dep&#xF3;sito Legal</subfield>
    <subfield code="l">0</subfield>
    <subfield code="o">BNPHU PD xxxx R621</subfield>
    <subfield code="p">2025-8742</subfield>
    <subfield code="r">2025-08-22</subfield>
    <subfield code="w">2025-08-22</subfield>
    <subfield code="y">LBS1</subfield>
  </datafield>
  <datafield tag="952" ind1=" " ind2=" ">
    <subfield code="0">0</subfield>
    <subfield code="1">0</subfield>
    <subfield code="2">ddc</subfield>
    <subfield code="5">1</subfield>
    <subfield code="7">0</subfield>
    <subfield code="8">PD</subfield>
    <subfield code="a">BNPHU</subfield>
    <subfield code="b">BNPHU</subfield>
    <subfield code="c">CT</subfield>
    <subfield code="d">2025-06-02</subfield>
    <subfield code="e">Dep&#xF3;sito Legal</subfield>
    <subfield code="l">0</subfield>
    <subfield code="o">BNPHU PD xxxx R621</subfield>
    <subfield code="p">2025-8743</subfield>
    <subfield code="r">2025-08-22</subfield>
    <subfield code="t">e. 2</subfield>
    <subfield code="w">2025-08-22</subfield>
    <subfield code="y">LBS1</subfield>
  </datafield>
  <datafield tag="952" ind1=" " ind2=" ">
    <subfield code="0">0</subfield>
    <subfield code="1">0</subfield>
    <subfield code="2">ddc</subfield>
    <subfield code="5">6</subfield>
    <subfield code="7">0</subfield>
    <subfield code="8">DS</subfield>
    <subfield code="a">BNPHU</subfield>
    <subfield code="b">BNPHU</subfield>
    <subfield code="c">CT</subfield>
    <subfield code="d">2025-06-02</subfield>
    <subfield code="e">Dep&#xF3;sito Legal</subfield>
    <subfield code="l">0</subfield>
    <subfield code="o">BNPHU DS xxxx R621</subfield>
    <subfield code="p">2025-8744</subfield>
    <subfield code="r">2025-08-22</subfield>
    <subfield code="t">e. 3</subfield>
    <subfield code="w">2025-08-22</subfield>
    <subfield code="y">LBS1</subfield>
  </datafield>
  <datafield tag="999" ind1=" " ind2=" ">
    <subfield code="c">59810</subfield>
    <subfield code="d">59810</subfield>
  </datafield>
</record>
